|
|
|
|
| LEADER |
00000nta a2200000 i 4500 |
| 001 |
dolg26606 |
| 005 |
20200925132401.0 |
| 008 |
200925suuuu hu om 000 hun d |
| 040 |
|
|
|a BGE Dolgozattár Repozitórium
|b hun
|
| 041 |
|
|
|a hu
|
| 100 |
1 |
|
|a Fentor-Majer Amanda
|
| 245 |
1 |
0 |
|a Befogadni, vagy falakat építeni - avagy a XXI. századi migráció kezelésének problematikája a globalizáció tükrében
|c Fentor-Majer Amanda
|h [elektronikus dokumentum]
|
| 695 |
|
|
|a Migráció
|
| 695 |
|
|
|a Globalizáció
|
| 700 |
1 |
|
|a Nincs adat Nincs adat
|e ths
|
| 856 |
4 |
0 |
|u http://dolgozattar.uni-bge.hu/26606/1/D_14015.pdf
|z Dokumentum-elérés
|